000 01481cab a2200265 4500
001 ABS56528
008 090401t1997 xxu||||| |||| 00| 0 eng d
035 _a(Sirsi) u24305
041 _aeng
245 _aState Bank of India v Sood and others
260 _c1997
350 _a0
490 _aAll England Law Reports
_v[1997] 1 All ER 169-182(14)
520 _aCA 30 October 1996. The defendants were involved in a case concerning proceedings issued by the plaintiff bank against them and others, seeking possession of mortgaging land used as security for discharge of present and future liabilities. They claimed to be beneficiaries under a trust for sale, asserting that their equitable interests and occupation of the property gave them overriding interests under the Land Registration Act 1925 s70(1)(g) which were binding on the plaintiff. The bank applied to strike out this defence, contending that any equitable interests had been overreached under the Law of Property Act 1925 s2(1)(ii). This was initially granted but then overturned. The bank`s appeal against this decision is allowed.
650 _aBENEFICIAL INTEREST
650 _aLAND REGISTRATION ACT 1925 S70(1)(G)
650 _aLAND REGISTRATION
650 _aLAW OF PROPERTY ACT 1925 S2(1)(II)
650 _aOVERRIDING INTEREST
650 _aPOSSESSION
650 _aSTATE BANK OF INDIA V SOOD AND OTHERS
690 _aPROPERTY LAW AND PRACTICE-CASE LAW
942 _n0
948 _c04/03/1997
999 _c16292
_d16292